Code de commerce /

Saved in:
Bibliographic Details
Corporate Author: France.
Other Authors: Chaput, Yves., Carbonnier, Denis.
Format: Book
Language:French
Published: Paris : Dalloz, 1999.
Edition:1. éd.
Series:Mégacode.
Subjects:
Tags: Add Tag
No Tags, Be the first to tag this record!
LEADER 00794nam a2200277 a 4500
001 008317114-2
005 20020606104010.5
008 930326s1999 fr b 00100 fre d
020 |a 224702534X 
035 0 |a ocm40821256 
040 |a MH-L  |c MH-L 
043 |a e-fr--- 
110 1 |a France. 
245 1 0 |a Code de commerce /  |c sous la direction de Yves Chaput ; avec le concours de Denis Carbonnier ... [et al.]. 
250 |a 1. éd. 
260 |a Paris :  |b Dalloz,  |c 1999. 
300 |a xv, 2255 p. ;  |c 26 cm. 
490 1 |a Mégacode 
504 |a Includes bibliographical references and index. 
650 0 |a Commercial law  |z France. 
655 7 |a Statutes and codes.  |2 lcgft 
700 1 |a Chaput, Yves. 
700 1 |a Carbonnier, Denis. 
830 0 |a Mégacode. 
988 |a 20020608 
906 |0 MH